| 000 | 01527cam a2200349 a 4500 | ||
|---|---|---|---|
| 999 |
_c329604 _d329604 |
||
| 001 | 15391810 | ||
| 003 | NUST | ||
| 005 | 20170516105331.0 | ||
| 008 | 080801s2008 enka b 001 0 eng | ||
| 010 | _a 2008033654 | ||
| 020 | _a9780415462280 | ||
| 020 | _a9780415462297 (pbk.) | ||
| 020 | _a0415462282 | ||
| 020 | _a0415462290 (pbk.) | ||
| 035 | _a(OCoLC)231582471 | ||
| 035 | _a(OCoLC)ocn231582471 | ||
| 040 |
_aDLC _cDLC _dYDX _dBTCTA _dBAKER _dYDXCP _dDLC |
||
| 050 | 0 | 0 |
_aHD9715.A2 _bM94 2008 |
| 082 | 0 | 0 |
_a338.47624 MYE _222 |
| 100 | 1 |
_aMyers, Danny. _9804 |
|
| 245 | 1 | 0 |
_aConstruction economics : _ba new approach / _cDanny Myers. |
| 250 | _a2nd ed. | ||
| 260 |
_aLondon ; _aNew York : _bTaylor & Francis, _c2008. |
||
| 300 |
_aix, 323 p. : _bill. ; _c26 cm. |
||
| 504 | _aIncludes bibliographical references (p. 309-316) and index. | ||
| 650 | 0 |
_aConstruction industry. _9805 |
|
| 650 | 0 |
_aConstruction industry _xManagement. _9806 |
|
| 856 | 4 | 1 |
_3Table of contents only _uhttp://www.loc.gov/catdir/toc/ecip0824/2008033654.html |
| 856 | 4 | 2 |
_3Publisher description _uhttp://www.loc.gov/catdir/enhancements/fy0908/2008033654-d.html |
| 856 | 4 | 2 |
_3Contributor biographical information _uhttp://www.loc.gov/catdir/enhancements/fy1112/2008033654-b.html |
| 906 |
_a7 _bcbc _corignew _d1 _eecip _f20 _gy-gencatlg |
||
| 942 |
_2ddc _cBK |
||